Nordic subdivisions - Statistics

General Stats
  • This quiz has been taken 73 times
    41 since last reset
  • The average score is 30 of 74
Answer Stats
% Correct
Faroe Islands
94%
Greenland
91%
Åland
76%
Oslo
73%
Lapland
70%
Finnmark
67%
Jan Mayen
67%
Zealand
67%
Gotland
64%
Stockholm
64%
Svalbard
64%
North Denmark
61%
Uppsala
61%
Troms
58%
Skåne
55%
Central Denmark
52%
Nordland
52%
Capital
48%
Norrbotten
48%
Capital
45%
Kalmar
45%
North Karelia
45%
South Karelia
45%
Trøndelag
45%
Vestland
45%
Agder
42%
Innlandet
42%
Örebro
42%
Telemark
42%
Central Finland
39%
Jämtland
39%
Halland
36%
Jönköping
36%
Kronoberg
36%
Møre og Romsdal
36%
Östergötland
36%
Rogaland
36%
Akershus
33%
Dalarna
33%
North Ostrobothnia
33%
North Savo
33%
Østfold
33%
Ostrobothnia
33%
Pirkanmaa
33%
Southern
33%
South Ostrobothnia
33%
South Savo
33%
Västerbotten
33%
Västra Götaland
33%
Blekinge
30%
Buskerud
30%
Central Ostrobothnia
30%
Gävleborg
30%
Södermanland
30%
Southern Denmark
30%
Southwest Finland
30%
Uusimaa
30%
Västmanland
30%
Vestfold
30%
Eastern
27%
Värmland
27%
Västernorrland
27%
Western
27%
Bouvet Island
24%
Kanta-Häme
24%
Kainuu
21%
Northeastern
18%
Northwestern
18%
Satakunta
18%
Kymenlaakso
15%
Päijät-Hame
15%
Westfjords
15%
Southern Peninsula
12%
Ertholmene
6%
No matching quizzes found
Score Distribution
Percent of People with Each Score
Percentile by Number Answered
Your Score History
You have not taken this quiz since the last reset